书目信息 |
| 题名: |
星空,你好!
|
|
| 作者: | 李芝萍 编著 | |
| 分册: | ||
| 出版信息: | 北京 冶金工业出版社 2000.05 |
|
| 页数: | 152页 | |
| 开本: | 32开 | |
| 丛书名: | ||
| 单 册: | ||
| 中图分类: | P15-49 | |
| 科图分类: | ||
| 主题词: | 恒星天文 , 星系--天文学 , 宇宙学 | |
| 电子资源: | ||
| ISBN: | 7-5024-2521-7 | |
| 000 | 00587nam0 2200217 45 | |
| 001 | 0103291056 | |
| 005 | 20010329105424.0 | |
| 010 | @a7-5024-2521-7@d7.90元 | |
| 100 | @a20010329d2000 km y0chiy0120 ea | |
| 101 | 0 | @achi |
| 105 | @a z 000yy | |
| 200 | 1 | @a星空,你好!@AXing Kong,Ni Hao!@f李芝萍编著@FLi Zhi Ping Bian Zhu |
| 210 | @a北京@c冶金工业出版社@d2000.05 | |
| 215 | @a152页@d32开 | |
| 606 | 0 | @a恒星天文 |
| 606 | 0 | @a星系@x天文学 |
| 606 | 0 | @a宇宙学 |
| 690 | @aP15-49@v3 | |
| 701 | 0 | @a李芝萍@4编著 |
| 801 | @aCN@bPftUser@c20010329 | |
| 905 | @b334189-191@dP15-49@eL671@f3 | |
| 星空,你好!/李芝萍编著.-北京:冶金工业出版社,2000.05 |
| 152页;32开 |
| ISBN 7-5024-2521-7:7.90元 |
| ● |
| 相关链接 |
|
|
|
正题名:星空,你好!
索取号:P15-49/L671
 
预约/预借
| 序号 | 登录号 | 条形码 | 馆藏地/架位号 | 状态 | 备注 |
| 1 | 334189 | 203341892 | 自科库401/401自科库 65排2列4层/ [索取号:P15-49/L671] | 在馆 | |
| 2 | 334190 | 203341909 | 自科库401/401自科库 65排2列4层/ [索取号:P15-49/L671] | 在馆 | |
| 3 | 334191 | 203341918 | 自科库401/401自科库 65排2列4层/ [索取号:P15-49/L671] | 在馆 |